Sportovní výsledky ASC Dukla ...

Korporativní autor: Česko. Armádní sportovní centrum Dukla
Další autoři: Česko. Ministerstvo obrany. Referát řízení sportovní reprezentace
Jazyk: Čeština
Vydáno: Praha : Pro Referát řízení sportovní reprezentace a Armádní sportovní centrum Dukla vydalo Ministerstvo obrany České republiky - AVIS, [200-]-^^^^
Témata:
Fyzický popis: ^^^sv. ; 21 cm
Odebírané ročníky: 2005-
Noviny a časopisy
Uloženo v:
LEADER 01965nas a2200457 a 4500
001 000814298
003 CZ BrMZK
005 20140418095535.0
007 ta
008 060227c200u9999xr x p 0 b0cze
040 |a ABA001  |b cze 
043 |a e-xr---  |b e-xr-pg  |2 czenas 
072 7 |a 796  |x Sport. Hry. Tělesná cvičení  |2 Konspekt  |9 20 
080 |a 796/799:061  |2 MRF 
080 |a 796.015.8  |2 MRF 
080 |a (437.311)  |2 MRF 
080 |a (036)  |2 MRF 
110 1 |a Česko.  |b Armádní sportovní centrum Dukla  |7 xx0016131 
245 1 0 |a Sportovní výsledky ASC Dukla ... 
246 3 3 |a Sportovní výsledky roku ... ASC Dukla 
260 |a Praha :  |b Pro Referát řízení sportovní reprezentace a Armádní sportovní centrum Dukla vydalo Ministerstvo obrany České republiky - AVIS,  |c [200-]-^^^^ 
300 |a ^^^sv. ;  |c 21 cm 
310 |a Nepravidelně 
500 |a Jednotlivé svazky mají vlastní ISBN 
500 |a Součástí názvu je označení běžného roku 
541 |c pv-r 
650 0 7 |a sportovní kluby  |7 ph125949  |z Česko  |2 czenas 
650 0 7 |a sportovní výkony  |7 ph125959  |z Česko  |2 czenas 
655 7 |a informační publikace  |7 fd132454  |2 czenas 
610 1 7 |a Česko.  |b Armádní sportovní centrum Dukla  |7 xx0016131  |2 czenas 
651 7 |a Praha (Česko)  |7 ge118011  |2 czenas 
710 1 |a Česko.  |b Ministerstvo obrany.  |b Referát řízení sportovní reprezentace  |7 kn20050722007 
902 |a 80-7278-327-0  |q (2005) 
902 |a 978-80-7278-496-7  |q (2008) 
910 |a BOA001  |b 2-1169.180  |r 2005- 
952 |a e-xr- 
990 |a SE 
991 |b 200804  |c NOV 
996 6 |b 2610278625  |c 2-1169.180  |d 2005  |y 2005  |l MZK  |r Sklad / do 1 hodiny  |n 0  |p p.v.  |w 000814298  |u 000010  |a 1  |e BOA001  |j MZK50  |s P 
996 6 |b 2610336624  |c 2-1169.180  |d 2007  |y 2007  |l MZK  |r Sklad / do 1 hodiny  |n 0  |p p.v.  |w 000814298  |u 000020  |a 1  |e BOA001  |j MZK50  |s P 
996 6 |b 2610371457  |c 2-1169.180  |d 2008  |v 2008  |y 2008  |l MZK  |r Sklad / do 1 hodiny  |n 1  |p p.v.  |w 000814298  |u 000030  |a 1  |e BOA001  |j MZK50  |s P